000 02888nab a22006857a 4500
003 AR-RoUNA
005 20260224184628.0
008 170315b xxub|||| |||| 00| 0 spa d
022 _a18523897
040 _aAR-RoUNA
_bspa
041 _aspa
044 _aag
245 _aBio
_bArquitectura, Construcción, Diseño
300 _a[s.n] :
_bil. byn.
_bdib.
_c28x19 cm
505 _tEDITORIAL
505 _aRosario ciudad autónoma/ Acto de promulgación.
505 _tNOTA DE TAPA
505 _aCAPUA. Complejos de usos mixtos. EDILIZIA (Funes).
505 _aArq. Berman Edgardo/ Adiós al querido Horacio Panvini.
505 _aAEV Finaliza un 2025 de trabajo y crecimiento.
505 _aPremiación Anual/ Obra Construida 2025.
505 _aM2 Desarrollos inmobiliarios / Instalaciones de Green.
505 _a3dF Desayunos Diferentes. Manotecnología.
505 _tMOVIMIENTO DE OBRAS. ZONA 1
505 _aEdificio M 34/ Una obra de la constructora Minervino.
505 _aFEXA Aluminio / Junto al Rotary Rosario Plaza de la Bandera.
505 _aMOVA. Una capsula premium presentada. Pedrotti.
505 _aEGGER/Acompaño a los profesionales del Diseño y la Arquitectura de la región en casa Foa Uruguay y Chile.
505 _aBrisa de verano / Un nuevo comienzo en DARKHAUS.
505 _aSelema inaguró su nuevo SHOWROOM en Funes.
505 _aMuestras de Arte.
505 _aSISTECCER 2025 / XIV Congreso Internacional de Fachadas
505 _aMSR Cerró un 2025 junto a proveedores inversores, colaboradores y amigos.
505 _aOrgullo hecho mural / En el cielo y ahora con una obra en el suelo la bandera Argentina flamea en Rosario.
505 _aLa luz que planifica multiplica los escenarios que puede ofrecernos un ambiente en potencia sus funciones.
505 _aFontenla Rosario y canteras del Mundo. Una mañana dedicada al diseño.
505 _tCOSTOS DE LA CONSTRUCCIÓN
505 _aMateriales 1
505 _aMateriales 2
505 _aMateriales 3
505 _aMateriales 4
505 _aMateriales 5
505 _aTareas de Obra 6
505 _aTerrenos para la construcción.
505 _aBIOTIPO 1A Unidad de vivienda colectiva (P.H).
505 _arosario fue sede de una jornada sobre seguridad en ascensores.
505 _tSECCIÓN PROVEEDORES.
505 _aTerrenos para la construcción.
505 _aMateriales 3
610 _98908
_aAngel Ulanovsky S.A
650 _aArquitectura
_98899
650 _aPlazas
_986
650 _aEdificios de Viviendas
_91757
773 0 _aBio : Arquitectura y Construcción
_dRosario, Bio 2008
_gnº 422 (dic-ene 2025-2026), p.[s.n]
_x18523897
856 _uwww.revistabioonline.com.ar
908 _aImp
942 _2udc
_cART
945 _aMBP
_d2017-10-02
980 _81
_gMaricel Allasia
_61
_aMaricel Allasia
999 _c12346
_d12346